LEADER 01031nam a2200277 i 4500 001 000000161149 003 CaOOAMICUS 005 20070521000000.0 008 070521s1964 it u000 u ita u 013 $a138512 040 $aSeMil$bita 100 1 $aDonadoni, Dino T.$0(OLS)http://semarc/name/10010 245 13$aLa guerriera velata Teresa Verzeri /$cdi Dino T. Donadoni. 250 $a1. ed. 260 $aTorino :$bBorla,$c1964. 300 $a230 p., [1] c. di tav. ;$c21 cm. 490 0 $aTestimonianze ;$v75 500 $aFondo Card. Giovanni Colombo. 650 4$aVerzeri, Teresa .$0(OLS)http://semarc/subject/17507 830 0$aTestimonianze ;$v75.$0(OLS)http://semarc/title/6368 850 $aSeMil 852 $aSeMil$W1$xVenegono$y1$m3H II 149$j112582$B112582$CSeMilBibl$Z2$F124950 $81 941 1 $a3 961 $aLascito: Colombo Card. Giovanni 996 $6245$aLa guerriera velata Teresa Verzeri$9(OLS)http://semarc/title/144085 996 $6260$aTorino :$bBorla$9(OLS)http://semarc/publisher/29913 LEADER 01080nam a2200253 i 4500 001 000000236878 003 CaOOAMICUS 005 20141212000000.0 008 141212s2014 it u000 u ita u 013 $a215783 020 $a978-88-95704-74-6 040 $aSeMil$bita 100 1 $aViotto, Piero,$d<1924-2017>.$0(OLS)http://semarc/name/90481 245 12$aL'incontro con Maritain e il personalismo /$cPiero Viotto. 260 $aIvrea :$b[s.n.],$c2014. 300 $aP. 394-406 ;$c24 cm. 500 $aEstratto da : L'Escalina, anno 3., n. 2 ottobre 2014. 650 4$aPersonalismo - Filosofia.$0(OLS)http://semarc/subject/3264 650 4$aMaritain, Jacques <1882-1973> - Pensiero filosofico.$0(OLS)http://semarc/subject/14096 850 $aSeMil 852 $aSeMil$W1$xVenegono$y1$m5D XI 14/28$j187224$B187224$CSeMilBibl$Z2$F198087 $81 996 $6020$a978-88-95704-74-6$9(OLS)http://semarc/number/242143 996 $6245$aL'incontro con Maritain e il personalismo$9(OLS)http://semarc/title/337567 996 $6260$aIvrea :$b[s.n.]$9(OLS)http://semarc/publisher/50566